000 00489nam a2200157 i 4500
001 150238
003 ES-MaACL
007 t|
008 071029m19441945sp ||||1| spa d
100 1 _aVallejo Nágera, Antonio,
_d1889-1960
_9112854
245 1 0 _aTratado de psiquiatría /
_cpor Antonio Vallejo Nájera.
260 _aBarcelona :
_bSalvat,
_c1944-45.
300 _aXV, VIII, VIII, 1276 p. :
_bil. ;
_c26 cm.
852 _aES-MaACL
_jE-77
_bR.21070
999 _c150238
_d150238